High Speed Impact On Ceramics (Record no. 524316)

000 -LEADER
fixed length control field 00592nam a22002057a 4500
003 - CONTROL NUMBER IDENTIFIER
control field NUST
005 - DATE AND TIME OF LATEST TRANSACTION
control field 20240222152206.0
008 - FIXED-LENGTH DATA ELEMENTS--GENERAL INFORMATION
fixed length control field 190620b ||||| |||| 00| 0 eng d
038 ## - RECORD CONTENT LICENSOR
Staff Name Mr.Noman
082 ## - DEWEY DECIMAL CLASSIFICATION NUMBER
Classification number 620.1
100 ## - MAIN ENTRY--PERSONAL NAME
Personal name Haseeb Ahmed
9 (RLIN) 15135
245 ## - TITLE STATEMENT
Title High Speed Impact On Ceramics
Statement of responsibility, etc. Haseeb Ahmed
260 ## - PUBLICATION, DISTRIBUTION, ETC.
Place of publication, distribution, etc. Islambad
Name of publisher, distributor, etc. SMME NUST
Date of publication, distribution, etc. 2018
300 ## - PHYSICAL DESCRIPTION
Extent 34P.
Dimensions 30cm
600 ## - SUBJECT ADDED ENTRY--PERSONAL NAME
Personal name Haseeb Ahmed
9 (RLIN) 15136
610 ## - SUBJECT ADDED ENTRY--CORPORATE NAME
Source of heading or term Mechanical Engineering -MS -Thesis
700 ## - ADDED ENTRY--PERSONAL NAME
Personal name Dr Aamir Mubashar
9 (RLIN) 20986
856 ## - ELECTRONIC LOCATION AND ACCESS
Uniform Resource Identifier <a href="http://10.250.8.41:8080/xmlui/handle/123456789/12997">http://10.250.8.41:8080/xmlui/handle/123456789/12997</a>
942 ## - ADDED ENTRY ELEMENTS (KOHA)
Source of classification or shelving scheme
Koha item type Thesis
Holdings
Withdrawn status Lost status Source of classification or shelving scheme Damaged status Not for loan Permanent Location Current Location Shelving location Date acquired Full call number Barcode Date last seen Price effective from Koha item type
          Central Library (CL) Central Library (CL) Thesis 06/20/2019 620.1 CL-T-1713 06/20/2019 06/20/2019 Thesis
© 2023 Central Library, National University of Sciences and Technology. All Rights Reserved.